00918nam a2200217 i 450000100060000000300090000600500170001500700030003200800410003513000320007624501290010826000500023730000280028749000710031570000340038670000380042083000680045885200340052699900170056095201230057733142ES-MaACL20250819002334.0t|030201s1947 sp ||||1| spa d0 aBiblia. lEspañol911928210aSagrada Biblia / cversión crítica sobre los textos Hebreo y Griego por José María Bover y Francisco Cantera Burgos. aMadrid : b[La Editorial Católica], c1947. a2 v. : bil. ; c20 cm.1 aBiblioteca de autores cristianos. Sección I. Sagradas escrituras1 aBover, José María.9311201 aCantera Burgos, Francisco.93464200aBiblioteca de autores cristianos. pSagradas Escrituras9229445 aES-MaACLjC-4823-24 bR.25444 c33142d33142 00104070aATENEOMbATENEOMcSPALd2008-01-17eSCl0oC-4823-24p1034450r2023-02-23 00:00:00w2023-02-23yMONOGRAFIA